| 000 | 00652nam a22001577a 4500 | ||
|---|---|---|---|
| 003 | OSt | ||
| 005 | 20151210110155.0 | ||
| 008 | 151210b xxu||||| |||| 00| 0 eng d | ||
| 040 | _cRUA | ||
| 082 | _aATM NUO 2004 B204 Or.1 | ||
| 100 |
_94646 _aNUON, THEANEA. |
||
| 245 | _ahuman resource management of north tonlesap lake forestry administration inspectorate (ការគ្រប់គ្រងធនធានមនុស្សនៅអធិការដ្ឋាន រដ្ឋបាលព្រៃឈើខាងជើងបឹងទន្លេសាប) | ||
| 260 |
_aPhnom Penh _bRUA _c2004 |
||
| 300 |
_aix, 67p. _bill. _c29cm. |
||
| 942 |
_2ddc _cATM |
||
| 999 |
_c4329 _d4329 |
||